000 00743nam a2200229 a 4500
999 _c11835
_d11835
001 11835
003 BD-JhCC
005 20201119104933.0
008 201119s2012 bg a||||||||| 000 0 ben d
020 _a9789844143579
035 _a(BD-JhCC)11835
040 _aBD-JhCC
_dBD-JhCC
041 _abengali
082 _a891.44317
_bAHM 2012
100 _aআহমেদ, মোশতাক
245 _aক্লাসিক ফিকশন:
_bরিবিটের দুঃখ /
_c মোশতাক আহমেদ ।
260 _aঢাকা:
_bঅনিন্দ্য প্রকাশ;
_c২০১২.
300 _a111 p. :
_bill;
_c22 cm.
650 _aBengali fiction
_vBengali
942 _2ddc
_cBK